000 00481nam a2200133 a 4500
008 120416s1968 ||||||||||||||||| || u
050 _aT 57.6 Ack
100 _aAckoff, Russell L
245 1 0 _aFundamentals of operations research
260 _aNew York
_bJohn Wiley and Sons
_c[1968]
300 _aix, 455p. : ill.
350 _a0.00
995 _D0.00
_FCBU-MAIN LIBRARY (Kitwe)
_H1
_I0.00
_M1
_UDAMAGED
_ZMain Library Open Access Collection
999 _c44185
_d44185